000 00643nam a2200241Ia 4500
003 OSt
005 20220918203237.0
006 a|||||r|||| 00| 0
007 ta
008 220917b |||||||| |||| 00| 0 eng d
024 _a106,985
037 _cTextual
040 _aARTS
_cARTS
_beng
041 _2eng
_aeng
082 _aV3:1973.M3, M0
100 _aCobden R
_9107518
245 0 _aEngland Ireland and America Philadephia Institute for the study of Human Issues
260 _c1980
300 _axviii, 119p.
_ccm.
650 _aHISTORY
942 _hV3:1973.M3, M0
_cTEXL
_2CC
999 _c230343
_d230343